Search the Library Catalogue
| 000 -LEADER | |
|---|---|
| fixed length control field | 01020nam a2200253Ia 4500 |
| 008 - FIXED-LENGTH DATA ELEMENTS--GENERAL INFORMATION | |
| fixed length control field | 191130s1995##################000#0#eng## |
| 020 ## - INTERNATIONAL STANDARD BOOK NUMBER | |
| ISBN | 9780521533157 |
| 082 ## - DEWEY DECIMAL CLASSIFICATION NUMBER | |
| Classification number | 984.13 COR |
| 100 ## - MAIN ENTRY--AUTHOR NAME | |
| Personal name | Cornblit, Oscar |
| 245 ## - TITLE STATEMENT | |
| Title | Power and violence in the colonial city : Oruro from the mining renaissance to the rebellion of Tupac Amaru, 1740-1782 |
| Statement of responsibility, etc | Oscar Cornblit ; translated by Elizabeth Ladd Glick |
| 260 ## - PUBLICATION, DISTRIBUTION, ETC. (IMPRINT) | |
| Place of publication | Cambridge |
| Name of publisher | Cambridge University Press |
| Year of publication | 1995 |
| 300 ## - PHYSICAL DESCRIPTION | |
| Number of Pages | x, 230 p. : ill., maps ; 24 cm |
| 500 ## - GENERAL NOTE | |
| General note | Includes bibliographical references (p. 217-222) and index |
| 650 ## - SUBJECT ADDED ENTRY--TOPICAL TERM | |
| Topical Term | Bolivia - History - To 1809 |
| Topical Term | Indians, Treatment of - Bolivia - Oruro - History - 18th century |
| Topical Term | Oruro (Bolivia) - History |
| Topical Term | Peru - History - 1548-1820 |
| Topical Term | Peru - History - Insurrection of Tupac Amaru, 1780-1781 - Causes |
| Topical Term | Power (Social sciences) |
| 991 ## - | |
| -- | 307604 |
| Withdrawn status | Lost status | Damaged status | Not for loan | Home library | Current library | Shelving location | Date acquired | Full call number | Accession Number | Price effective from | Koha item type |
|---|---|---|---|---|---|---|---|---|---|---|---|
| Anna Centenary Library | Anna Centenary Library | 7TH FLOOR, B WING | 15.10.2020 | 984.13 COR | 235889 | 15.10.2020 | English Books |